Представление документа в формате MARC21

Поле Инд. ПП Название Значение
Тип записи a
Библиографический уровень m
001 Контрольный номер RU/IS/BASE/331381098
005 Дата корректировки 20230116162545.2
040 b Код языка каталог. rus
041 0_ a Код языка текста rus
080 a Индекс УДК 004.42
084 a Индекс другой классификации/Индекс ББК 32.973.26-018.2
090 a Полочн. индекс 681.3
x Авторский знак Н50
097 b Оператор 11
100 1_ a Автор Неменман М. Е.
245 10 a Заглавие Программирование на АКИ
260 a Место издания Мн.
b Издательство Вышэйшая школа
c Дата издания 1972
300 a Объем 174 с.
510 0_ a Примечание о ссылках Книги и методические пособия
650 04 a Основная рубрика 50.05 Теоретические основы программирования
x Основная подрубрика 50.05.13 Технология программирования. Автоматизация программирования
653 0_ a Ключевые слова программирование; цифровые вычислительные машины; языки программирования
700 12 a Другие авторы Цагельский В. И.
700 1_ a Другие авторы Черкасова М. П.
901 t Тип документа m